FAO fisheries report; N.551 Rapport de la première session de la Comminssion des thons de l'océan Indien, Rome, Italie, 3 - 6 Décembre 1996; No.551,Report of the first session of the India ocean tuna commission, Rome, Italy, 3 - 6 December 1996; No.551

Gorde:
Xehetasun bibliografikoak
Egile nagusia: FAO
Formatua: Liburua
Hizkuntza:Undetermined
Argitaratua: Rome, Italy FAO 1997
Gaiak:
Etiketak: Etiketa erantsi
Etiketarik gabe, Izan zaitez lehena erregistro honi etiketa jartzen!
Thư viện lưu trữ: Trung tâm Học liệu Trường Đại học Cần Thơ
LEADER 00708nam a2200193Ia 4500
001 CTU_29865
008 210402s9999 xx 000 0 und d
082 |a 639 
082 |b R425/N.551 
100 |a FAO 
245 0 |a FAO fisheries report; N.551 
245 0 |b Rapport de la première session de la Comminssion des thons de l'océan Indien, Rome, Italie, 3 - 6 Décembre 1996; No.551,Report of the first session of the India ocean tuna commission, Rome, Italy, 3 - 6 December 1996; No.551 
245 0 |c FAO 
260 |a Rome, Italy 
260 |b FAO 
260 |c 1997 
650 |a fisheries 
904 |i Nguyễn Quang Điền, 990429 
980 |a Trung tâm Học liệu Trường Đại học Cần Thơ